Etchings & etchers /

Bibliographic Details
Main Author: Hamerton, Philip Gilbert, 1834-1894
Format: Book
Language:English
Published: Boston : Little, Brown, 1902
Edition:7th ed.
Subjects:

MARC

Tag First Indicator Second Indicator Subfields
LEADER 00000cam a2200000 a 4500
001 in00000088121
005 20151008065025.0
008 750828s1902 maua 00110 engm
010 |a  04006612  
035 |a (OCoLC)01579103 
035 |9 AAK5222AM 
040 |a DLC  |c FBA  |d m.c.  |d TXA  |d UtOrBLW 
049 |a TXAS [bibl] 
050 0 0 |a NE2135  |b .H3 1902 
092 |a 767  |b H 
100 1 |a Hamerton, Philip Gilbert,  |d 1834-1894. 
245 1 0 |a Etchings & etchers /  |c by Philip Gilbert Hamerton ; with etchings by the author. 
246 3 |a Etchings and etchers 
250 |a 7th ed. 
264 1 |a Boston :  |b Little, Brown,  |c 1902 
264 3 |c 1905 printing 
300 |a xxx, 459 pages, 12 unnumbered leaves of plates :  |b illustrations ;  |c 25 cm. 
336 |a text  |b txt  |2 rdacontent 
337 |a unmediated  |b n  |2 rdamedia 
338 |a volume  |b nc  |2 rdacarrier 
500 |a Includes index. 
650 0 |a Etching. 
999 |a MARS 
999 f f |s 950c1d0e-4477-3100-8678-933f7ee32f05  |i a2a190f5-448d-39f0-a006-4eada5613867  |t 0 
952 f f |p noncirc  |a Texas A&M University  |b College Station  |c Cushing Memorial Library & Archives  |d Cushing: Reference (Does not check out)  |t 0  |e NE2135 .H3 1902  |h Library of Congress classification  |i unmediated -- volume 
998 f f |a NE2135 .H3 1902  |t 0  |l Cushing: Reference (Does not check out)